| Tag |
First Indicator |
Second Indicator |
Subfields |
| LEADER |
00000cam a2200000 i 4500 |
| 001 |
in00000032759 |
| 005 |
20151007063212.0 |
| 008 |
760819s1950 enkac 00000 eng |
| 010 |
|
|
|a 51001523
|
| 035 |
|
|
|a (OCoLC)02384337
|
| 035 |
|
|
|9 AAD6802AM
|
| 040 |
|
|
|a DLC
|c WHE
|d TXA
|d UtOrBLW
|
| 049 |
|
|
|a TXAM
|c [195394]
|
| 082 |
0 |
|
|a 792
|
| 090 |
|
|
|a PR2995
|b .W3 1950
|
| 092 |
|
|
|a 822.33
|b DW335
|
| 100 |
1 |
|
|a Watkins, Ronald.
|
| 245 |
1 |
0 |
|a On producing Shakespeare /
|c with drawings by Maurice Percival.
|
| 264 |
|
1 |
|a London :
|b M. Joseph,
|c [1950]
|
| 300 |
|
|
|a 335 pages :
|b illustrations, portraits ;
|c 23 cm.
|
| 336 |
|
|
|a text
|b txt
|2 rdacontent
|
| 337 |
|
|
|a unmediated
|b n
|2 rdamedia
|
| 338 |
|
|
|a volume
|b nc
|2 rdacarrier
|
| 600 |
1 |
0 |
|a Shakespeare, William,
|d 1564-1616
|x Technique.
|
| 600 |
1 |
0 |
|a Shakespeare, William,
|d 1564-1616
|x Stage history
|y To 1625.
|
| 999 |
|
|
|a MARS
|
| 999 |
f |
f |
|s 728d6e3b-1a34-37c6-b1a1-41d5218e9894
|i c4d91b53-db2e-3d4e-a34d-91d00e93e1c9
|t 0
|
| 952 |
f |
f |
|p normal
|a Texas A&M University
|b College Station
|c Sterling C. Evans Library
|d Evans: Library Stacks
|t 0
|e PR2995 .W3 1950
|h Library of Congress classification
|i unmediated -- volume
|m A14801307177
|
| 998 |
f |
f |
|a PR2995 .W3 1950
|t 0
|l Evans: Library Stacks
|